[Event "DVM U20 2014"]
[Site "Naumburg (Saale) GER"]
[Date "2014.12.30"]
[Round "7"]
[White "Peters, Tom"]
[Black "Giraud, Valerian"]
[Result "0-1"]
[Termination "normal"]
[Board "3.3"]
[WhiteElo "1922"]
[BlackElo "1982"]
[WhiteTeam "SK Wildeshausen"]
[BlackTeam "SG Bochum"]
[PlyCount "56"]
[WhiteFideId "24694444"]
[BlackFideId "12920355"]
[EventCountry "GER"]
[EventRounds "7"]
[EventType "team-swiss"]
[EventDate "2014.12.26"]

1. e4 e6 2. Nf3 d5 3. Nc3 dxe4 4. Nxe4 Nd7 5. d4 Ngf6 6. Nxf6+ Nxf6 7. Bd3 c5
8. c3 cxd4 9. Nxd4 Be7 10. Qc2 O-O 11. Bg5 h6 12. Bxf6 Bxf6 13. Ne2 Bd7 14.
O-O-O Qc7 15. h4 Bc6 16. f3 Qa5 17. Qd2 Rfd8 18. Qe3 Qxa2 19. g4 Qa1+ 20. Bb1
Rxd1+ 21. Rxd1 Bxh4 22. Nd4 Bd5 23. Nc2 Qa4 24. Rd4 Qa6 25. Nb4 Qf1+ 26. Rd1
Qxf3 27. Nxd5 Bg5 28. Ne7+ Kf8 0-1

[Event "DVM U20 2014"]
[Site "Naumburg (Saale) GER"]
[Date "2014.12.30"]
[Round "7"]
[White "Stricker, Florian"]
[Black "Finke, Maurice"]
[Result "1-0"]
[Termination "normal"]
[Board "3.4"]
[WhiteElo "2148"]
[BlackElo "1989"]
[WhiteTeam "SG Bochum"]
[BlackTeam "SK Wildeshausen"]
[PlyCount "110"]
[WhiteFideId "12976385"]
[BlackFideId "12909580"]
[EventCountry "GER"]
[EventRounds "7"]
[EventType "team-swiss"]
[EventDate "2014.12.26"]

1. d4 d5 2. c4 dxc4 3. e3 Be6 4. Na3 c6 5. Nxc4 Nf6 6. Nf3 Nbd7 7. Bd3 Bxc4 8.
Bxc4 e6 9. O-O Bd6 10. Re1 O-O 11. e4 e5 12. b3 b5 13. Bf1 Re8 14. Qc2 exd4 15.
Nxd4 Ne5 16. h3 Qb6 17. Nf5 Bb4 18. Re2 Rad8 19. Bg5 Rd3 20. Bxf6 gxf6 21. a3
Bf8 22. Rd2 Rxd2 23. Qxd2 Rd8 24. Qc3 Kh8 25. Ra2 b4 26. axb4 Bxb4 27. Qg3 Rg8
28. Qf4 Bc5 29. Ng3 Rg6 30. Rd2 Bd4 31. Nf5 Bc3 32. Rd1 Bb4 33. Nh4 Kg7 34.
Nxg6 hxg6 35. h4 Bc5 36. Rc1 Bd6 37. Rd1 Qb8 38. h5 gxh5 39. Be2 Bc7 40. Rb1
Ng4 41. Qf5 Ne5 42. Bxh5 Qb4 43. g3 Bb6 44. Kg2 Qd2 45. Rh1 Nd3 46. Rf1 Ne1+
47. Kg1 Nd3 48. Qg4+ Kh7 49. Bxf7 Bxf2+ 50. Kh1 Qh6+ 51. Kg2 Qg5 52. Qxg5 fxg5
53. Rxf2 Nxf2 54. Kxf2 Kg7 55. Bc4 Kf6 1-0

[Event "DVM U20 2014"]
[Site "Naumburg (Saale) GER"]
[Date "2014.12.30"]
[Round "7"]
[White "Ngo, Minh Duc"]
[Black "Budszuhn, Timo"]
[Result "1-0"]
[Termination "normal"]
[Board "3.5"]
[WhiteElo "2024"]
[BlackElo "1989"]
[WhiteTeam "SK Wildeshausen"]
[BlackTeam "SG Bochum"]
[PlyCount "95"]
[WhiteFideId "12942693"]
[BlackFideId "1270607"]
[EventCountry "GER"]
[EventRounds "7"]
[EventType "team-swiss"]
[EventDate "2014.12.26"]

1. e4 e5 2. Nf3 Nc6 3. Bb5 a6 4. Ba4 Nf6 5. O-O Be7 6. Re1 b5 7. Bb3 d6 8. c3
O-O 9. h3 Na5 10. Bc2 c5 11. d4 Qc7 12. Nbd2 Re8 13. b3 Bf8 14. Nf1 g6 15. d5
Bg7 16. Be3 Bd7 17. Qd2 Nb7 18. Ng3 Kh8 19. Ng5 Rf8 20. Rac1 c4 21. b4 a5 22.
a3 Ng8 23. f4 axb4 24. axb4 f6 25. Nf3 exf4 26. Bxf4 Nd8 27. Ra1 Nf7 28. Red1
Ne5 29. Nd4 Rfb8 30. Kh2 Qc8 31. Be3 Ne7 32. Nge2 Rxa1 33. Rxa1 Ra8 34. Rxa8
Qxa8 35. Nf4 Kg8 36. Nfe6 Bh8 37. Bh6 Nc8 38. Bd1 Qa3 39. Qe3 Nd3 40. Nf8 Be8
41. Bg4 f5 42. exf5 Be5+ 43. g3 Qxc3 44. Ne2 Qxb4 45. fxg6 Ne7 46. Be6+ Kh8 47.
Qxe5+ dxe5 48. g7# 1-0

[Event "DVM U20 2014"]
[Site "Naumburg (Saale) GER"]
[Date "2014.12.30"]
[Round "7"]
[White "Pilat, Fabian"]
[Black "Schumann, Steffen"]
[Result "0-1"]
[Termination "normal"]
[Board "3.6"]
[WhiteElo "1919"]
[BlackElo "1828"]
[WhiteTeam "SG Bochum"]
[BlackTeam "SK Wildeshausen"]
[PlyCount "54"]
[WhiteFideId "24683396"]
[BlackFideId "24686891"]
[EventCountry "GER"]
[EventRounds "7"]
[EventType "team-swiss"]
[EventDate "2014.12.26"]

1. d4 Nf6 2. Nf3 g6 3. Nbd2 Bg7 4. e4 d6 5. Bc4 O-O 6. O-O c6 7. c3 Nbd7 8. Qc2
e5 9. dxe5 dxe5 10. b4 Qe7 11. a4 h6 12. a5 Nh5 13. Rd1 Ndf6 14. Nh4 Kh7 15. g3
Be6 16. Bxe6 Qxe6 17. Nf1 Rfd8 18. Be3 Qh3 19. Ng2 Qg4 20. Nd2 Qh3 21. Bc5 Rxd2
22. Qxd2 Ng4 23. Ne3 Rd8 24. Qc2 Qxh2+ 25. Kf1 Nxg3+ 26. fxg3 Rxd1+ 27. Rxd1
Nxe3+ 0-1

[Event "DVM U20 2014"]
[Site "Naumburg (Saale) GER"]
[Date "2014.12.30"]
[Round "7"]
[White "Steimbach, Isabel"]
[Black "Wenninger, Patrick"]
[Result "1/2-1/2"]
[Termination "normal"]
[Board "4.3"]
[WhiteElo "1877"]
[BlackElo "1725"]
[WhiteTeam "OSG Baden-Baden"]
[BlackTeam "Heilbronner SV"]
[PlyCount "71"]
[WhiteFideId "24692174"]
[BlackFideId "12927880"]
[EventCountry "GER"]
[EventRounds "7"]
[EventType "team-swiss"]
[EventDate "2014.12.26"]

1. e4 c6 2. d4 d5 3. e5 Bf5 4. Nf3 e6 5. Be2 Nd7 6. O-O Ne7 7. Nh4 Bg6 8. Nd2
Nf5 9. Nxg6 hxg6 10. c3 Be7 11. g3 O-O 12. Nf3 Rc8 13. h4 c5 14. Kg2 cxd4 15.
cxd4 Qc7 16. Bd3 Qb6 17. Bxf5 gxf5 18. Ng5 Bxg5 19. hxg5 g6 20. Rh1 Kg7 21. b3
Rh8 22. Rxh8 Rxh8 23. Ba3 Qd8 24. f4 Nb8 25. Bd6 Nc6 26. Qd2 Rh5 27. Rh1 Rxh1
28. Kxh1 Qb6 29. Qh2 Kg8 30. Bc5 Qa6 31. Qh6 Qf1+ 32. Kh2 Qe2+ 33. Kg1 Qe1+ 34.
Kg2 Qe2+ 35. Kg1 Qe1+ 36. Kg2 1/2-1/2

[Event "DVM U20 2014"]
[Site "Naumburg (Saale) GER"]
[Date "2014.12.30"]
[Round "7"]
[White "Weis, Olga"]
[Black "Mikeler, Marcel"]
[Result "1/2-1/2"]
[Termination "normal"]
[Board "4.5"]
[WhiteElo "1790"]
[BlackElo "1751"]
[WhiteTeam "OSG Baden-Baden"]
[BlackTeam "Heilbronner SV"]
[PlyCount "51"]
[WhiteFideId "1270234"]
[BlackFideId "12927856"]
[EventCountry "GER"]
[EventRounds "7"]
[EventType "team-swiss"]
[EventDate "2014.12.26"]

1. e4 e5 2. Nf3 Nc6 3. Bc4 Bc5 4. c3 Nf6 5. d3 d6 6. O-O O-O 7. Bb3 Bg4 8. h3
Bh5 9. Nbd2 Qd7 10. Re1 Bb6 11. Nf1 h6 12. Ng3 Bg6 13. Nh4 Ne7 14. Qf3 Nh7 15.
Nxg6 Nxg6 16. Nf5 Kh8 17. h4 Qd8 18. Qg3 Qf6 19. Be3 Ne7 20. Nxe7 Qxe7 21. Bxb6
axb6 22. d4 Nf6 23. dxe5 dxe5 24. Rad1 Rad8 25. Qf3 Kg8 26. g3 1/2-1/2

[Event "DVM U20 2014"]
[Site "Naumburg (Saale) GER"]
[Date "2014.12.30"]
[Round "7"]
[White "Ignatov, Dmitriy"]
[Black "Jurga, Jonas Vincent"]
[Result "1/2-1/2"]
[Termination "normal"]
[Board "4.6"]
[WhiteElo "1754"]
[BlackElo "1720"]
[WhiteTeam "Heilbronner SV"]
[BlackTeam "OSG Baden-Baden"]
[PlyCount "40"]
[WhiteFideId "12927872"]
[BlackFideId "12968013"]
[EventCountry "GER"]
[EventRounds "7"]
[EventType "team-swiss"]
[EventDate "2014.12.26"]

1. e4 c5 2. Nf3 d6 3. c3 Nf6 4. Be2 g6 5. O-O Bg7 6. Re1 O-O 7. Bc4 Bg4 8. d4
Nfd7 9. Be3 a6 10. d5 b5 11. Bb3 c4 12. Bc2 Qc7 13. Nbd2 a5 14. a3 Na6 15. h3
Bxf3 16. Nxf3 Rfb8 17. Nd4 b4 18. axb4 axb4 19. Nc6 Re8 20. Bd4 Bxd4 1/2-1/2

[Event "DVM U20 2014"]
[Site "Naumburg (Saale) GER"]
[Date "2014.12.30"]
[Round "7"]
[White "Linnemann, Niklas"]
[Black "Pauly, Carlo"]
[Result "0-1"]
[Termination "normal"]
[Board "5.1"]
[WhiteElo "2010"]
[BlackElo "2173"]
[WhiteTeam "TuS Coswig"]
[BlackTeam "SG Porz"]
[PlyCount "118"]
[WhiteFideId "24695645"]
[BlackFideId "24673269"]
[EventCountry "GER"]
[EventRounds "7"]
[EventType "team-swiss"]
[EventDate "2014.12.26"]

1. e4 c5 2. Nf3 d6 3. d4 cxd4 4. Nxd4 Nf6 5. Nc3 a6 6. Bg5 Nbd7 7. f4 Qc7 8.
Qf3 h6 9. Bh4 g5 10. fxg5 hxg5 11. Bg3 Ne5 12. Bxe5 dxe5 13. Nf5 g4 14. Qf2
Bxf5 15. Qxf5 Bh6 16. Qf2 g3 17. Qxg3 Bf4 18. Qf2 O-O-O 19. Bd3 Ng4 20. Qe2
Bg3+ 21. Kd2 Bf4+ 22. Ke1 Nxh2 23. Nd5 Qc5 24. Kd1 Nf3 25. Rf1 Nd4 26. Qf2 e6
27. Nxf4 exf4 28. c3 Nb3 29. axb3 Qxf2 30. Rxf2 Rh1+ 31. Kc2 Rxa1 32. Rxf4 Rg1
33. Bf1 Rd7 34. Rf2 Kc7 35. Bd3 Kd6 36. Kd2 Ke5 37. b4 f6 38. Ke3 Re1+ 39. Be2
Rdd1 40. Rf3 Rb1 41. Kd2 Rg1 42. Kc2 Rxg2 43. Kxb1 Rxe2 44. Ka2 Rxe4 45. Kb3 b5
46. Rf2 f5 47. Kc2 f4 48. Kd2 Kd5 49. b3 e5 50. Rf3 Ke6 51. Kd3 Re1 52. Kd2 Rg1
53. c4 Rg2+ 54. Ke1 Kf5 55. c5 e4 56. Rh3 f3 57. c6 Rc2 58. Rh5+ Kf4 59. Rc5
f2+ 0-1

[Event "DVM U20 2014"]
[Site "Naumburg (Saale) GER"]
[Date "2014.12.30"]
[Round "7"]
[White "Xu, Xianliang"]
[Black "Kieslich, Aaron"]
[Result "1-0"]
[Termination "normal"]
[Board "5.2"]
[WhiteElo "2113"]
[BlackElo "2013"]
[WhiteTeam "SG Porz"]
[BlackTeam "TuS Coswig"]
[PlyCount "61"]
[WhiteFideId "4603230"]
[BlackFideId "1270391"]
[EventCountry "GER"]
[EventRounds "7"]
[EventType "team-swiss"]
[EventDate "2014.12.26"]

1. e4 c5 2. Nf3 d6 3. c3 Nf6 4. Be2 Nc6 5. d4 cxd4 6. cxd4 Nxe4 7. d5 Qa5+ 8.
Nc3 Nxc3 9. bxc3 Ne5 10. O-O Nxf3+ 11. Bxf3 e5 12. dxe6 fxe6 13. Rb1 Rb8 14.
Bc6+ Kf7 15. Rb4 Be7 16. Rf4+ Bf6 17. Qxd6 bxc6 18. Qxb8 Rd8 19. Qb3 Rd3 20.
Ra4 Qh5 21. Rxa7+ Kg6 22. Qb1 Qf5 23. Ra8 Bd7 24. Be3 Rxc3 25. Ra7 Bc8 26. Qb4
Be5 27. Qe7 Rxe3 28. fxe3 Bxh2+ 29. Kxh2 Qe5+ 30. Kh1 Qh5+ 31. Kg1 1-0

[Event "DVM U20 2014"]
[Site "Naumburg (Saale) GER"]
[Date "2014.12.30"]
[Round "7"]
[White "von Koslowski, Utz"]
[Black "Finke, Kai"]
[Result "1/2-1/2"]
[Termination "normal"]
[Board "5.3"]
[WhiteElo "1892"]
[BlackElo "2099"]
[WhiteTeam "TuS Coswig"]
[BlackTeam "SG Porz"]
[PlyCount "95"]
[WhiteFideId "12964247"]
[BlackFideId "1270611"]
[EventCountry "GER"]
[EventRounds "7"]
[EventType "team-swiss"]
[EventDate "2014.12.26"]

1. Nf3 Nf6 2. c4 e6 3. g3 b6 4. Bg2 Bb7 5. O-O Be7 6. d4 d6 7. Nc3 Nbd7 8. Qc2
O-O 9. e4 e5 10. d5 h6 11. Nh4 Kh7 12. Nf5 Ng8 13. f4 Bf6 14. Bd2 g6 15. Ne3
Qe7 16. f5 Bg5 17. Rae1 Bxe3+ 18. Bxe3 g5 19. Qd1 Ndf6 20. Rf2 a6 21. Bf3 b5
22. cxb5 axb5 23. Nxb5 Rxa2 24. Na3 g4 25. Bg2 c6 26. Qb3 Rxa3 27. bxa3 cxd5
28. exd5 Ra8 29. Rb2 Bc8 30. Rf1 Kg7 31. a4 Bd7 32. Ra2 Qd8 33. Bd2 Qc8 34. a5
Bxf5 35. a6 Be4 36. a7 Qc5+ 37. Be3 Qxd5 38. Qxd5 Bxd5 39. Bxd5 Nxd5 40. Rb1
Nxe3 41. Rb8 Rxa7 42. Rxa7 h5 43. Rbb7 Nh6 44. Kf2 Nef5 45. Rd7 Kf6 46. Ke2 Ke6
47. Rd8 Nd4+ 48. Kf2 1/2-1/2

[Event "DVM U20 2014"]
[Site "Naumburg (Saale) GER"]
[Date "2014.12.30"]
[Round "7"]
[White "Eigemann, Frederik"]
[Black "Merker, Konstantin"]
[Result "1/2-1/2"]
[Termination "normal"]
[Board "5.4"]
[WhiteElo "2015"]
[BlackElo "1663"]
[WhiteTeam "SG Porz"]
[BlackTeam "TuS Coswig"]
[PlyCount "96"]
[WhiteFideId "24692034"]
[BlackFideId "12964239"]
[EventCountry "GER"]
[EventRounds "7"]
[EventType "team-swiss"]
[EventDate "2014.12.26"]

1. d4 Nf6 2. Bg5 e6 3. e4 h6 4. Bxf6 Qxf6 5. Qd2 d5 6. e5 Qd8 7. f4 c5 8. Nf3
Be7 9. c3 O-O 10. Be2 Nc6 11. O-O a6 12. a3 Bd7 13. b4 b6 14. g4 Qe8 15. Bd3 c4
16. Bc2 f6 17. Qg2 fxe5 18. fxe5 Rf4 19. Nbd2 Qf7 20. g5 Qh5 21. h3 Raf8 22.
gxh6 Qxh6 23. Nh2 Be8 24. Ng4 Rxf1+ 25. Rxf1 Rxf1+ 26. Kxf1 Qf4+ 27. Qf2 Bg5
28. Qxf4 Bxf4 29. Ke1 Ne7 30. Nf1 Bg6 31. Bd1 Nf5 32. Bf3 Kf7 33. Ke2 Nh4 34.
Nfe3 Bd3+ 35. Kf2 Nxf3 36. Kxf3 Bg5 37. Kg3 Bd8 38. Ng2 g5 39. Ne1 Be4 40. Ne3
Kg6 41. Kg4 Be7 42. N1c2 b5 43. Ne1 Bd8 44. N1g2 Bd3 45. Ne1 Be4 46. N1g2 Be7
47. Ne1 Bf8 48. Kg3 Be7 1/2-1/2

[Event "DVM U20 2014"]
[Site "Naumburg (Saale) GER"]
[Date "2014.12.30"]
[Round "7"]
[White "Zschuppe, Ludwig"]
[Black "Padva, Leo"]
[Result "0-1"]
[Termination "normal"]
[Board "5.5"]
[WhiteElo "1663"]
[BlackElo "1900"]
[WhiteTeam "TuS Coswig"]
[BlackTeam "SG Porz"]
[PlyCount "118"]
[WhiteFideId "12985260"]
[BlackFideId "12964379"]
[EventCountry "GER"]
[EventRounds "7"]
[EventType "team-swiss"]
[EventDate "2014.12.26"]

1. e4 c5 2. d3 d6 3. Nf3 g6 4. g3 Bg7 5. Bg2 e5 6. O-O Ne7 7. Re1 O-O 8. Nbd2
Nbc6 9. c3 b5 10. Nf1 Qb6 11. Be3 a5 12. Qd2 f5 13. Bh6 Ra7 14. Bxg7 Kxg7 15.
h3 Nd8 16. a4 bxa4 17. Rxa4 Bd7 18. Raa1 Ne6 19. Rab1 a4 20. Qc2 fxe4 21. dxe4
c4 22. Ne3 Bb5 23. Red1 Nc5 24. Rf1 Nd3 25. Qd2 h6 26. Ne1 Nc5 27. N1c2 Rd7 28.
Nb4 Qb7 29. Nbd5 Nxd5 30. Nxd5 Bc6 31. f3 Bxd5 32. exd5 Re7 33. Qd1 Qa7 34. Kh2
Nd3 35. Qe2 Rb8 36. h4 Reb7 37. Qe4 Rxb2 38. Rxb2 Nxb2 39. g4 Rf8 40. h5 gxh5
41. gxh5 Qf7 42. Qg4+ Kh8 43. Qg6 Qxg6 44. hxg6 Kg7 45. Ra1 Ra8 46. Bf1 a3 47.
Be2 a2 48. Kg3 Kxg6 49. Kg4 h5+ 50. Kh3 Kf5 51. Kg3 h4+ 52. Kxh4 Kf4 53. Kh5
Ke3 54. Bf1 Kd2 55. Kg5 Kxc3 56. Kf6 Kd4 57. Ke6 Ra6 58. Bh3 Nd3 59. Bf5 c3 0-1

[Event "DVM U20 2014"]
[Site "Naumburg (Saale) GER"]
[Date "2014.12.30"]
[Round "7"]
[White "Eigemann, Julian"]
[Black "Franke, Alexander"]
[Result "1-0"]
[Termination "normal"]
[Board "5.6"]
[WhiteElo "1913"]
[BlackElo "1424"]
[WhiteTeam "SG Porz"]
[BlackTeam "TuS Coswig"]
[PlyCount "63"]
[WhiteFideId "24666599"]
[BlackFideId "12985171"]
[EventCountry "GER"]
[EventRounds "7"]
[EventType "team-swiss"]
[EventDate "2014.12.26"]

1. Nc3 Nf6 2. e4 d6 3. d4 g6 4. f3 Bg7 5. Be3 O-O 6. Qd2 b6 7. O-O-O Bb7 8. Bh6
Nbd7 9. g4 c5 10. d5 Ne5 11. h4 a6 12. h5 b5 13. hxg6 fxg6 14. Bxg7 Kxg7 15.
Nce2 Rh8 16. Nf4 Bc8 17. g5 Ne8 18. Bh3 Nc7 19. Qh2 Qg8 20. Bxc8 Rxc8 21. Qh6+
Kf7 22. Ne6 Nxe6 23. dxe6+ Kxe6 24. f4 Nc6 25. Qh3+ Kf7 26. Qd7 Nd4 27. c3 Ne6
28. Rxd6 Nd8 29. Qxc8 exd6 30. Qd7+ Kf8 31. Qxd8+ Kf7 32. Qf6+ 1-0

[Event "DVM U20 2014"]
[Site "Naumburg (Saale) GER"]
[Date "2014.12.30"]
[Round "7"]
[White "Knopf, Felix"]
[Black "Preiß, Vincent"]
[Result "1/2-1/2"]
[Termination "normal"]
[Board "6.1"]
[WhiteElo "1926"]
[BlackElo "1844"]
[WhiteTeam "SV Merseburg"]
[BlackTeam "SVG Saarbrücken"]
[PlyCount "115"]
[WhiteFideId "24692204"]
[BlackFideId "24660850"]
[EventCountry "GER"]
[EventRounds "7"]
[EventType "team-swiss"]
[EventDate "2014.12.26"]

1. d4 d5 2. c4 c6 3. Nc3 Nf6 4. Nf3 e6 5. cxd5 exd5 6. Qc2 Be7 7. Bg5 O-O 8. e3
Ne4 9. Bxe7 Qxe7 10. Bd3 f5 11. O-O Nd7 12. Rae1 Ndf6 13. Ne5 Be6 14. f3 Nxc3
15. Qxc3 Nd7 16. Nxd7 Qxd7 17. b4 Qd6 18. Qc5 Qxc5 19. dxc5 a6 20. Rf2 Rae8 21.
Rd2 g6 22. Bb1 Bc8 23. Rd4 Re5 24. Kf2 Rfe8 25. Bc2 Kg7 26. Re2 Kf6 27. a4 Bd7
28. Bd3 R8e7 29. Bc2 Re8 30. Bd1 R8e7 31. Rd3 Be8 32. Rb2 Rc7 33. Be2 Ree7 34.
Rd4 Re5 35. Rdd2 Ree7 36. Rbc2 Ke6 37. Rd3 Kf6 38. Rb3 Re6 39. Rd2 Ke5 40. Rd4
Kf6 41. g4 fxg4 42. Rxg4 Rce7 43. Rd4 Rc7 44. Bf1 Bd7 45. Rf4+ Kg7 46. h4 Rf6
47. Kg3 Be6 48. Rd4 Bd7 49. Rb2 Be8 50. Rbd2 Re7 51. Kf2 Bf7 52. Rb2 Rc7 53.
Bd3 h6 54. Rb1 Be6 55. Kg3 Rd7 56. Rg1 Rdf7 57. Be2 Bf5 58. Rc1 1/2-1/2

[Event "DVM U20 2014"]
[Site "Naumburg (Saale) GER"]
[Date "2014.12.30"]
[Round "7"]
[White "Lü, Youheng"]
[Black "Heinrich, Julius Tobias"]
[Result "0-1"]
[Termination "normal"]
[Board "6.2"]
[WhiteElo "1628"]
[BlackElo "1989"]
[WhiteTeam "SVG Saarbrücken"]
[BlackTeam "SV Merseburg"]
[PlyCount "52"]
[WhiteFideId "16200403"]
[BlackFideId "12913847"]
[EventCountry "GER"]
[EventRounds "7"]
[EventType "team-swiss"]
[EventDate "2014.12.26"]

1. e4 c5 2. Nf3 d6 3. d4 cxd4 4. Nxd4 Nf6 5. Nc3 g6 6. Be3 Bg7 7. Qd2 Ng4 8.
Bc4 Nxe3 9. fxe3 Nc6 10. O-O-O Ne5 11. Bb3 O-O 12. h4 Bg4 13. Rdf1 h5 14. Nd5
Rc8 15. Rf4 e6 16. Nc3 Nc4 17. Bxc4 Rxc4 18. Rxg4 hxg4 19. Qe2 Qc8 20. Ncb5 Qc5
21. Na3 Ra4 22. Qxg4 Bh6 23. Kb1 Qe5 24. h5 g5 25. Nab5 f5 26. exf5 Qxb5 0-1

[Event "DVM U20 2014"]
[Site "Naumburg (Saale) GER"]
[Date "2014.12.30"]
[Round "7"]
[White "Feuerherdt, Martin"]
[Black "Mohit-Rodriguez, Dario"]
[Result "1-0"]
[Termination "normal"]
[Board "6.3"]
[WhiteElo "1805"]
[BlackElo "1414"]
[WhiteTeam "SV Merseburg"]
[BlackTeam "SVG Saarbrücken"]
[PlyCount "79"]
[WhiteFideId "12910341"]
[BlackFideId "36016047"]
[EventCountry "GER"]
[EventRounds "7"]
[EventType "team-swiss"]
[EventDate "2014.12.26"]

1. e4 c5 2. Nf3 d6 3. d4 cxd4  4. Nxd4 Nf6 5. Nc3 a6 6. Be2 e6 7. Be3 Be7 8. f4
Qc7 9. Qd2 Nc6 10. O-O O-O 11. f5 Re8 12. Rad1 Nxd4 13. Bxd4 e5 14. Be3 b6 15.
g4 Bb7 16. Bf3 Rab8 17. Bg5 Rbd8 18. Bxf6 Bxf6 19. g5 Be7 20. f6 Bf8 21. Qg2
Bc8 22. Nd5 Qc5+ 23. Kh1 Be6 24. fxg7 Be7 25. Nf6+ Bxf6 26. gxf6 Qe3 27. Qd2
Qxd2 28. Rxd2 Bh3 29. Bg2 Bxg2+ 30. Kxg2 Re6 31. Rf3 Rd7 32. Kg3 Rc7 33. b3 b5
34. Kg4 Rc5 35. Kf5 Rc6 36. Rdd3 b4 37. Rh3 Rxc2 38. Rdf3 Rc3 39. Rxc3 bxc3 40.
Rxc3 1-0

[Event "DVM U20 2014"]
[Site "Naumburg (Saale) GER"]
[Date "2014.12.30"]
[Round "7"]
[White "Chabakji, Hussein"]
[Black "Hoffmann, Dustin"]
[Result "0-1"]
[Termination "normal"]
[Board "6.4"]
[WhiteElo "1602"]
[BlackElo "1896"]
[WhiteTeam "SVG Saarbrücken"]
[BlackTeam "SV Merseburg"]
[PlyCount "110"]
[WhiteFideId "16200411"]
[BlackFideId "1270566"]
[EventCountry "GER"]
[EventRounds "7"]
[EventType "team-swiss"]
[EventDate "2014.12.26"]

1. e4 c5 2. c3 d5 3. exd5 Qxd5 4. d4 Nf6 5. Nf3 Bg4 6. Be2 e6 7. Be3 cxd4 8.
cxd4 Nc6 9. O-O Be7 10. Nc3 Qa5 11. Rc1 O-O 12. Qb3 Qb4 13. Qxb4 Nxb4 14. Na4
Nbd5 15. Nc5 Rac8 16. a3 b6 17. Nd3 Bd6 18. Nde5 Bxe5 19. dxe5 Nxe3 20. fxe3
Nd7 21. Ba6 Rxc1 22. Rxc1 Bxf3 23. gxf3 Nxe5 24. Kf2 Rd8 25. Ke2 Kf8 26. b4 Ke7
27. Bb5 Rd5 28. Ba6 Rd6 29. e4 Rc6 30. Rxc6 Nxc6 31. Ke3 e5 32. f4 Kd6 33. Bc4
f6 34. f5 a5 35. bxa5 Nxa5 36. Bg8 h6 37. Kd3 Kc5 38. Kc3 Nc6 39. Bf7 Nd4 40.
Be8 Nf3 41. a4 Nxh2 42. Kd3 Ng4 43. Ke2 Kd4 44. Bc6 Ne3 45. Kd2 h5 46. Ke2 h4
47. Kf3 Nc4 48. Kg4 Nd6 49. Kxh4 Nxe4 50. Kh5 Nd6 51. Kg6 e4 52. Kxg7 e3 53.
Bf3 Ke5 54. Kg6 Nxf5 55. Kh5 e2 0-1

[Event "DVM U20 2014"]
[Site "Naumburg (Saale) GER"]
[Date "2014.12.30"]
[Round "7"]
[White "Jacob, Hannes"]
[Black "Schäfer, Nicolas"]
[Result "1-0"]
[Termination "normal"]
[Board "6.5"]
[WhiteElo "1878"]
[BlackElo "1497"]
[WhiteTeam "SV Merseburg"]
[BlackTeam "SVG Saarbrücken"]
[PlyCount "47"]
[WhiteFideId "12910350"]
[BlackFideId "12988901"]
[EventCountry "GER"]
[EventRounds "7"]
[EventType "team-swiss"]
[EventDate "2014.12.26"]

1. e4 c5 2. Nf3 Nc6 3. Bc4 d6 4. O-O Nf6 5. Re1 Qc7 6. c3 Bg4 7. d3 Ne5 8. Bb5+
Bd7 9. Bxd7+ Nexd7 10. d4 cxd4 11. cxd4 Rd8 12. Nc3 g6 13. Bf4 Bg7 14. e5 dxe5
15. dxe5 Nh5 16. Nd5 Qb8 17. Be3 Nxe5 18. Bg5 Nf6 19. Rxe5 Rxd5 20. Rxd5 Nxd5
21. Qxd5 h6 22. Rd1 Qc8 23. Ne5 Bxe5 24. Qxe5 1-0

[Event "DVM U20 2014"]
[Site "Naumburg (Saale) GER"]
[Date "2014.12.30"]
[Round "7"]
[White "Reim, Ulrich"]
[Black "Le Hong, Quang Anh"]
[Result "0-1"]
[Termination "normal"]
[Board "6.6"]
[WhiteElo "1073"]
[BlackElo "1536"]
[WhiteTeam "SVG Saarbrücken"]
[BlackTeam "SV Merseburg"]
[PlyCount "64"]
[WhiteFideId "16200438"]
[BlackFideId "12927589"]
[EventCountry "GER"]
[EventRounds "7"]
[EventType "team-swiss"]
[EventDate "2014.12.26"]

1. e4 c5 2. Nf3 d6 3. Bb5+ Nd7 4. O-O a6 5. Bxd7+ Bxd7 6. c3 Nf6 7. e5 dxe5 8.
Nxe5 e6 9. d4 cxd4 10. Qxd4 Bb5 11. Rd1 Qxd4 12. Rxd4 Bc5 13. Rd1 O-O 14. Na3
Rad8 15. Be3 Bxa3 16. bxa3 Ba4 17. Rd4 Rxd4 18. Bxd4 Bc2 19. Rc1 Bf5 20. f3 Rc8
21. c4 Nd5 22. a4 Nf4 23. Kf1 Nd3 24. Rc3 Nxe5 25. Bxe5 Rxc4 26. Rb3 Rxa4 27.
Rxb7 h6 28. Rb8+ Kh7 29. Rg8 Kxg8 30. Kf2 Rxa2+ 31. Kg3 Bd3 32. Kh3 Bf1 0-1

[Event "DVM U20 2014"]
[Site "Naumburg (Saale) GER"]
[Date "2014.12.30"]
[Round "7"]
[White "Klek, Hanna Marie"]
[Black "Kühne, Niklas"]
[Result "1-0"]
[Termination "normal"]
[Board "7.1"]
[WhiteElo "2225"]
[BlackElo "1778"]
[WhiteTeam "SC Erlangen"]
[BlackTeam "Meuselwitzer SV"]
[PlyCount "69"]
[WhiteFideId "24670057"]
[BlackFideId "24690015"]
[EventCountry "GER"]
[EventRounds "7"]
[EventType "team-swiss"]
[EventDate "2014.12.26"]

1. e4 c5 2. Nf3 Nc6 3. d4 cxd4 4. Nxd4 g6 5. c4 Bg7 6. Be3 Nf6 7. Nc3 Ng4 8.
Qxg4 Nxd4 9. Qd1 Ne6 10. Rc1 Qa5 11. a3 b6 12. Qd5 Rb8 13. f3 h5 14. Be2 g5 15.
O-O d6 16. Rfd1 Bd7 17. Kh1 h4 18. Qd2 Bc6 19. Nb5 Qxd2 20. Rxd2 a6 21. Nc3
Bxc3 22. Rxc3 g4 23. fxg4 Bxe4 24. Bf3 Bg6 25. h3 Nc5 26. Bf2 Ne4 27. Bxe4 Bxe4
28. Re3 d5 29. cxd5 Bg6 30. d6 Rb7 31. dxe7 Rxe7 32. Rc3 Kf8 33. Bxb6 Kg7 34.
Bd4+ f6 35. g5 1-0

[Event "DVM U20 2014"]
[Site "Naumburg (Saale) GER"]
[Date "2014.12.30"]
[Round "7"]
[White "Naundorf, Johannes"]
[Black "Miller, Eduard"]
[Result "1/2-1/2"]
[Termination "normal"]
[Board "7.2"]
[WhiteElo "1802"]
[BlackElo "2129"]
[WhiteTeam "Meuselwitzer SV"]
[BlackTeam "SC Erlangen"]
[PlyCount "91"]
[WhiteFideId "12950009"]
[BlackFideId "24687022"]
[EventCountry "GER"]
[EventRounds "7"]
[EventType "team-swiss"]
[EventDate "2014.12.26"]

1. b3 e5 2. Bb2 Nc6 3. e3 Nf6 4. Bb5 d6 5. Nf3 Bd7 6. O-O a6 7. Be2 Be7 8. d4
e4 9. Nfd2 O-O 10. a3 Re8 11. c4 Bf8 12. Nc3 Bf5 13. Re1 Qd7 14. f3 exf3 15.
Bxf3 Bg6 16. Nf1 Nd8 17. Qd2 c6 18. e4 Ne6 19. Rad1 Qc7 20. Ng3 b5 21. d5 cxd5
22. Nxd5 Qa7+ 23. Kh1 Nd7 24. cxb5 axb5 25. b4 Ne5 26. Nf5 Nc4 27. Qc3 Nxb2 28.
Qxb2 Qxa3 29. Qxa3 Rxa3 30. Nb6 Ng5 31. Nd4 Bxe4 32. Bxe4 Rxe4 33. Nxb5 Rb3 34.
Nd5 Rb2 35. Nbc3 Rg4 36. Re8 f6 37. Re2 Rb3 38. h3 Rc4 39. b5 Kf7 40. b6 Ne6
41. Ra1 Nf4 42. Ra7+ Kg6 43. Nxf4+ Rxf4 44. Re8 Rxb6 45. Rxf8 Rc4 46. Nd5
1/2-1/2

[Event "DVM U20 2014"]
[Site "Naumburg (Saale) GER"]
[Date "2014.12.30"]
[Round "7"]
[White "Wenninger, Philipp"]
[Black "Blumenthal, Clemens"]
[Result "1-0"]
[Termination "normal"]
[Board "7.3"]
[WhiteElo "2259"]
[BlackElo "1573"]
[WhiteTeam "SC Erlangen"]
[BlackTeam "Meuselwitzer SV"]
[PlyCount "57"]
[WhiteFideId "4648404"]
[BlackFideId "12938050"]
[EventCountry "GER"]
[EventRounds "7"]
[EventType "team-swiss"]
[EventDate "2014.12.26"]

1. d4 Nf6 2. Bg5 e6 3. Nc3 d5 4. f3 Be7 5. e4 O-O 6. e5 Nfd7 7. Bxe7 Qxe7 8. f4
c5 9. Nf3 a6 10. Qd2 Nc6 11. Be2 b5 12. O-O cxd4 13. Nxd4 Qc5 14. Rad1 Bb7 15.
Kh1 Rac8 16. Nb3 Qb6 17. Bf3 Rfd8 18. Ne2 Nc5 19. Nbd4 a5 20. Qe3 Nd7 21. Bg4
Re8 22. Qh3 Nxd4 23. Nxd4 Rc4 24. c3 b4 25. f5 Nxe5 26. fxe6 f6 27. Bh5 Re7 28.
Qg3 Kh8 29. Qxe5 1-0